00438nmm a2200169Ia 4500008004100000020001800041041000800059100001200067245003600079264004200115300001800157490001000175650000800185856005100193942000700244999001700251251105s9999||||xx |||||||||||||||||und|| a9788499532981 aspa aVV. AA. 0aLey de las sociedades limitadas a[Madrid, España] :bLinkgua, c2011 a100 páginas aLeyes aLaw uhttps://public.digitaliapublishing.com/a/16493 cCF c93073d93073